000 01040cam a2200265 a 4500
001 000003793
005 20200929150554.0
008 810313s1986 ag b 001 f spa
020 _a9509097594
040 _aDO-SdBNP
_bspa
_cBNPHU
041 1 7 _aSpa
_hEng
082 _a813.54
_bR845P
100 1 _aPaterson, Judith Hillman,
_d1936-
_911523
240 1 0 _aPhilip Roth.
_lEspañol.
245 1 0 _aPhilip Roth o el placer de escribir :
_bun novelista entre el "mundo escrito" y el "mundo real" /
_cJudith Paterson Jones y Guinevera A. Nance ; traducción, Aníbal Leal.
260 _aBuenos Aires :
_bFraterna,
_c1986.
300 _a179 p. ;
_c20 cm.
504 _aBibliografías: p. 175-178.
534 _aTítulo original:
_tPhilip Roth.
600 1 0 _aROTH, PHILIP
_d1933-
_xCRÍTICA E INTERPRETACIÓN.
_911524
650 4 _aNovela estadounidense
_xCrítica e interpretación
_911525
650 4 _aLiteratura estadounidense
_xCrítica e interpretación
_911526
700 1 _aNance, Guinevera A.,
_911527
700 1 _aLeal, Aníbal,
_etr.
_94573
999 _c3615
_d3615